[Event "SR 2. liga A 2009/2010"]
[Site "?"]
[Date "2009.11.08"]
[Round "4.5"]
[White "Mikulas, Dusan"]
[Black "Janos, Ivan"]
[Result "1/2-1/2"]
[WhiteElo "2210"]
[BlackElo "2133"]
[PlyCount "66"]
[EventDate "2009.??.??"]
[WhiteTeam "Slovakia"]
[BlackTeam "II"]
[WhiteTeamCountry "SVK"]
[BlackTeamCountry "SVK"]

1. e4 c5 2. Nf3 Nc6 3. d4 cxd4 4. Nxd4 g6 5. Nc3 Bg7 6. Be3 Nf6 7. Nb3 O-O 8.
Be2 d6 9. O-O Be6 10. f4 Qc8 11. Qd2 Rd8 12. f5 gxf5 13. Bh6 Bxh6 14. Qxh6 Kh8
15. exf5 Bxf5 16. Bd3 Bxd3 17. cxd3 Qg4 18. Rf4 Qg6 19. Qh3 Ne5 20. Rd1 Qg5 21.
Rdf1 Rg8 22. Rf5 Qg4 23. Qxg4 Rxg4 24. d4 Nc4 25. Re1 Nxb2 26. Rxe7 Kg7 27.
Rxb7 Re8 28. Rf3 a6 29. h3 Rg5 30. Nd2 Nd1 31. Nxd1 Re1+ 32. Rf1 Re2 33. Rf2
Re1+ 1/2-1/2

[Event "SR 2. liga A 2009/2010"]
[Site "?"]
[Date "2009.11.08"]
[Round "4.5"]
[White "Rachela, Jozef"]
[Black "Mosny, Jaroslav"]
[Result "1/2-1/2"]
[WhiteElo "2072"]
[BlackElo "2014"]
[PlyCount "126"]
[EventDate "2009.??.??"]
[WhiteTeam "Slovakia"]
[BlackTeam "II"]
[WhiteTeamCountry "SVK"]
[BlackTeamCountry "SVK"]

1. e4 e5 2. Nf3 d6 3. d4 exd4 4. Nxd4 g6 5. Nc3 Bg7 6. Be3 Nf6 7. f3 O-O 8. Qd2
d5 9. exd5 Nxd5 10. Nxd5 Qxd5 11. c3 Re8 12. Kf2 Nc6 13. Nxc6 Qxc6 14. Bd3 Be6
15. Be4 Qa6 16. Rhd1 Bf8 17. b3 Bg7 18. Rac1 f5 19. Bb1 Bf7 20. Qd3 Qe6 21. Re1
Rad8 22. Qb5 Qd5 23. Qxd5 Rxd5 24. c4 Rd7 25. Rcd1 Red8 26. Bc2 Bc3 27. Rf1 a5
28. Rxd7 Rxd7 29. Rd1 Rxd1 30. Bxd1 Kf8 31. Bf4 Bd4+ 32. Ke2 c5 33. Kd3 Ke7 34.
Bc7 Bg1 35. h3 g5 36. Bxa5 f4 37. Bc2 h5 38. Ke2 Be6 39. Be4 Bc8 40. Bb6 Kd6
41. Bd8 g4 42. h4 Be3 43. Bg6 gxf3+ 44. gxf3 Ke5 45. Bxh5 Bf5 46. Kd1 Kd4 47.
Bf7 Kc3 48. Bf6+ Bd4 49. Bg5 Be5 50. Bd5 Bb1 51. Bxb7 Bxa2 52. Be4 Bxb3+ 53.
Kc1 Bxc4 54. h5 Bd3 55. Bc6 Kd4 56. Kd2 c4 57. Bd8 c3+ 58. Kc1 Ke3 59. Bb6+ Ke2
60. Bc5 c2 61. Ba4 Kxf3 62. Bxc2 Bxc2 63. Kxc2 Ke2 1/2-1/2

[Event "SR 2. liga A 2009/2010"]
[Site "?"]
[Date "2009.11.08"]
[Round "4.5"]
[White "Soldan, Jan"]
[Black "Benovic, Marek"]
[Result "1/2-1/2"]
[WhiteElo "1909"]
[BlackElo "1995"]
[PlyCount "130"]
[EventDate "2009.??.??"]
[WhiteTeam "Slovakia"]
[BlackTeam "II"]
[WhiteTeamCountry "SVK"]
[BlackTeamCountry "SVK"]

1. e4 c6 2. d4 d5 3. Nc3 dxe4 4. Nxe4 Bf5 5. Ng3 Bg6 6. h4 h6 7. h5 Bh7 8. Nf3
Nd7 9. Bd3 Bxd3 10. Qxd3 Ngf6 11. b3 e6 12. Bb2 Bd6 13. O-O-O Qa5 14. Kb1 Nd5
15. c3 N7f6 16. Ne5 O-O 17. Ne4 Nxe4 18. Qxe4 Nxc3+ 19. Bxc3 Qxc3 20. Rh3 Qa5
21. Ng4 Qd5 22. f3 Rad8 23. Qxd5 cxd5 24. Ne5 Rc8 25. f4 Rc7 26. Rc1 Rxc1+ 27.
Kxc1 Rc8+ 28. Kb2 f6 29. Nd3 Kf7 30. g4 b6 31. Rh1 a5 32. Rc1 Rxc1 33. Kxc1 Ke7
34. Kd2 Kd7 35. Ke3 Kc6 36. Kd2 Kb5 37. Kc2 Bb4 38. f5 exf5 39. gxf5 Bd6 40.
Kd2 Bh2 41. a4+ Kc6 42. Kc3 Bg3 43. Nc1 Bd6 44. Kd3 b5 45. Ke3 b4 46. Ne2 Bc7
47. Ng1 Bh2 48. Nf3 Bg3 49. Ke2 Bf4 50. Nh4 Bd6 51. Ng6 Kd7 52. Nh4 Kc6 53. Ng2
Kd7 54. Ne3 Kc6 55. Kd3 Bf4 56. Ng4 Kd6 57. Ke2 Kc6 58. Kf3 Bd6 59. Nf2 Bc7 60.
Nd3 Bd6 61. Ke3 Kd7 62. Kf3 Kc6 63. Nf2 Kd7 64. Ng4 Kc6 65. Ne3 Bc7 1/2-1/2

[Event "SR 2. liga A 2009/2010"]
[Site "?"]
[Date "2009.11.08"]
[Round "4.5"]
[White "Sosovicka, Juraj"]
[Black "Mackovic, Miroslav"]
[Result "1/2-1/2"]
[WhiteElo "2066"]
[BlackElo "1963"]
[PlyCount "111"]
[EventDate "2009.??.??"]
[WhiteTeam "Slovakia"]
[BlackTeam "II"]
[WhiteTeamCountry "SVK"]
[BlackTeamCountry "SVK"]

1. e4 c5 2. Nf3 d6 3. d4 cxd4 4. Nxd4 Nf6 5. Nc3 a6 6. Be3 e6 7. f3 Be7 8. Qd2
Qc7 9. g4 Nc6 10. O-O-O b5 11. Bxb5 axb5 12. Ndxb5 Qb8 13. Nxd6+ Qxd6 14. Qxd6
Bxd6 15. Rxd6 Ne5 16. Rf1 Nc4 17. Rd3 Nxe3 18. Rxe3 O-O 19. b3 Nd7 20. a4 Nc5
21. Rd1 Bb7 22. Nb5 Bc6 23. Nd4 Bd7 24. c4 Rfc8 25. Rc3 Na6 26. Nc2 Be8 27. Kb2
Nc5 28. Ka2 Rcb8 29. Rd4 Rb7 30. Na3 f6 31. h4 Kf7 32. Rd2 Kg6 33. Rd1 h5 34.
Rg1 hxg4 35. Rxg4+ Kh6 36. Rg1 g6 37. Rgc1 Kh5 38. Nb5 Ra6 39. Ka3 Kxh4 40.
R3c2 Kg5 41. Rc3 f5 42. Kb4 Rc6 43. exf5 exf5 44. Re1 Bf7 45. Re5 Ne6 46. a5
Nc7 47. Ka4 Be8 48. Rce3 Bd7 49. Ka3 Na6 50. Rd5 Kf4 51. Red3 Nb8 52. Nd6 Rbc7
53. Nb5 Rb7 54. Nd6 Rbc7 55. Nb5 Rb7 56. Nd6 1/2-1/2

[Event "SR 2. liga A 2009/2010"]
[Site "?"]
[Date "2009.11.08"]
[Round "4.6"]
[White "Diviak, Rastislav"]
[Black "Krajnak, Robert"]
[Result "1/2-1/2"]
[WhiteElo "2043"]
[BlackElo "2096"]
[PlyCount "49"]
[EventDate "2009.??.??"]
[WhiteTeam "Slovakia"]
[BlackTeam "II"]
[WhiteTeamCountry "SVK"]
[BlackTeamCountry "SVK"]

1. e4 c5 2. Nf3 e6 3. d4 cxd4 4. Nxd4 Nf6 5. Nc3 d6 6. Be2 Be7 7. O-O Nc6 8.
Be3 Bd7 9. f4 O-O 10. Qe1 Nxd4 11. Bxd4 Bc6 12. Bd3 Qd7 13. a4 b6 14. Kh1 Qb7
15. Qe2 a6 16. Rae1 Rfd8 17. e5 dxe5 18. Bxe5 Nd7 19. Qg4 Nxe5 20. fxe5 Rd4 21.
Bxh7+ Kxh7 22. Qh5+ Kg8 23. Qxf7+ Kh8 24. Qh5+ Kg8 25. Qf7+ 1/2-1/2

[Event "SR 2. liga A 2009/2010"]
[Site "?"]
[Date "2009.11.08"]
[Round "4.6"]
[White "Kollarik, Gorazd"]
[Black "Padysak, Tomas"]
[Result "1/2-1/2"]
[WhiteElo "1898"]
[BlackElo "2022"]
[PlyCount "84"]
[EventDate "2009.??.??"]
[WhiteTeam "Slovakia"]
[BlackTeam "II"]
[WhiteTeamCountry "SVK"]
[BlackTeamCountry "SVK"]

1. d4 Nf6 2. c4 g6 3. Nc3 d5 4. cxd5 Nxd5 5. e4 Nxc3 6. bxc3 Bg7 7. Be3 c5 8.
Bc4 O-O 9. Ne2 Qa5 10. O-O Nc6 11. Qb3 e6 12. Rfd1 Qc7 13. Qb2 Na5 14. Bb3 Nxb3
15. Qxb3 Kh8 16. dxc5 Bd7 17. f3 f5 18. exf5 exf5 19. Bd4 Rae8 20. Rd2 Re7 21.
Qd5 Bc6 22. Bxg7+ Kxg7 23. Qd4+ Qe5 24. Rad1 Rfe8 25. Kf2 Kf7 26. Qxe5 Rxe5 27.
Nd4 Rxc5 28. Nxc6 Rxc6 29. Rd7+ Re7 30. R1d3 Ra6 31. Rxe7+ Kxe7 32. Rd2 Ra3 33.
Rc2 Kd6 34. Ke3 Kc5 35. Kd3 Ra6 36. Re2 h5 37. Re5+ Kd6 38. Re2 Ra4 39. c4 b6
40. f4 Ra3+ 41. Kd4 Ra4 42. Kc3 Kd7 1/2-1/2

[Event "SR 2. liga A 2009/2010"]
[Site "?"]
[Date "2009.11.08"]
[Round "4.6"]
[White "Krist, Milan"]
[Black "Partys, Petr"]
[Result "0-1"]
[WhiteElo "2013"]
[BlackElo "1990"]
[PlyCount "86"]
[EventDate "2009.??.??"]
[WhiteTeam "Slovakia"]
[BlackTeam "II"]
[WhiteTeamCountry "SVK"]
[BlackTeamCountry "SVK"]

1. c4 Nf6 2. Nc3 e5 3. e3 Bb4 4. a3 Bxc3 5. bxc3 d5 6. cxd5 Qxd5 7. Qa4+ Bd7 8.
Qc4 Nc6 9. Qxd5 Nxd5 10. Bb2 O-O 11. Nf3 Rfe8 12. Bc4 Nb6 13. Ba2 Be6 14. Bxe6
Rxe6 15. O-O Nc4 16. Rab1 Rd8 17. d4 e4 18. Ng5 Ree8 19. Rfd1 Rd5 20. Nh3 Red8
21. Bc1 b6 22. f3 f5 23. Kf2 R5d6 24. a4 a6 25. Ke2 exf3+ 26. gxf3 Rh6 27. Nf2
Rxh2 28. e4 fxe4 29. fxe4 Rf8 30. Rf1 h6 31. Be3 Nxe3 32. Kxe3 Rg2 33. Rbe1
Rg3+ 34. Kd2 Rff3 35. Nd1 Rg2+ 36. Kc1 Rxf1 37. Rxf1 Re2 38. e5 b5 39. axb5
axb5 40. Nb2 b4 41. Rd1 bxc3 42. Nc4 Nb4 43. Rf1 Ra2 0-1

[Event "SR 2. liga A 2009/2010"]
[Site "?"]
[Date "2009.11.08"]
[Round "4.6"]
[White "Liptak, Dusan"]
[Black "Hricak, Vasil"]
[Result "1/2-1/2"]
[WhiteElo "1916"]
[BlackElo "2100"]
[PlyCount "154"]
[EventDate "2009.??.??"]
[WhiteTeam "Slovakia"]
[BlackTeam "II"]
[WhiteTeamCountry "SVK"]
[BlackTeamCountry "SVK"]

1. d4 d5 2. c4 e5 3. dxe5 d4 4. Nf3 Nc6 5. a3 Bg4 6. Bg5 Be7 7. Bf4 g5 8. Bg3
Be6 9. Nbd2 h5 10. h3 Nh6 11. Rc1 h4 12. Bh2 Qd7 13. Ne4 Rg8 14. Qd2 g4 15.
Qxh6 gxf3 16. exf3 O-O-O 17. Qd2 Bf5 18. Rg1 Qe6 19. Be2 Nxe5 20. Qa5 f6 21.
Bxe5 fxe5 22. c5 d3 23. c6 bxc6 24. Bxd3 Qd5 25. Nd6+ cxd6 26. Bxf5+ Kb7 27.
Qb4+ Qb5 28. Qxb5+ cxb5 29. Be6 Rgf8 30. Bd5+ Kb8 31. Ke2 Rc8 32. Be6 Rcd8 33.
Bd5 Bg5 34. Rc3 Rc8 35. Rd1 Rxc3 36. bxc3 Kc7 37. c4 bxc4 38. Bxc4 Kc6 39. Rb1
d5 40. Bd3 Bf4 41. g4 hxg3 42. fxg3 Bxg3 43. Rc1+ Kd6 44. Rg1 Bf4 45. Rg7 Ra8
46. Rg6+ Kc5 47. Ra6 Kd4 48. Ra4+ Kc3 49. Ra5 Kd4 50. Ra4+ Kc5 51. Ra5+ Kd4 52.
Ra4+ Kc3 53. Ra5 d4 54. Rc5+ Kb2 55. Ra5 Rh8 56. Rxa7 Rxh3 57. Bb5 Rh2+ 58. Kd3
Rd2+ 59. Ke4 Rd1 60. Be2 Re1 61. Kd3 Rc1 62. Rb7+ Ka2 63. Ke4 Rc3 64. Bd3 Kxa3
65. Rb1 Ka2 66. Rb5 Rc1 67. Rxe5 Bxe5 68. Kxe5 Kb3 69. Kxd4 Kb4 70. f4 Rc8 71.
Be4 Rd8+ 72. Ke5 Kc5 73. f5 Kb6 74. f6 Kc7 75. f7 Kd7 76. Kf6 Kd6 77. Bc6 Kxc6
1/2-1/2

[Event "SR 2. liga A 2009/2010"]
[Site "?"]
[Date "2009.11.08"]
[Round "4.6"]
[White "Stepanovic, Branislav"]
[Black "Horvath, Marek"]
[Result "1/2-1/2"]
[WhiteElo "2001"]
[BlackElo "1802"]
[PlyCount "56"]
[EventDate "2009.??.??"]
[WhiteTeam "Slovakia"]
[BlackTeam "II"]
[WhiteTeamCountry "SVK"]
[BlackTeamCountry "SVK"]

1. e4 e5 2. Nf3 Nf6 3. Nc3 Bb4 4. Nxe5 O-O 5. Be2 Re8 6. Nd3 Bxc3 7. dxc3 Nxe4
8. O-O d6 9. Be3 Nd7 10. Bf3 h6 11. g3 b6 12. Nf4 Bb7 13. Bg2 Rb8 14. Re1 Ne5
15. Nd5 Nf6 16. Nxf6+ Qxf6 17. Bxb7 Rxb7 18. f4 Ng6 19. Qd5 Rbb8 20. Bd4 Qd8
21. c4 Qd7 22. Bc3 Ne7 23. Qd4 Nf5 24. Qd3 Re6 25. Rxe6 fxe6 26. Re1 Re8 27.
Qe4 h5 28. Qf3 Qf7 1/2-1/2

[Event "SR 2. liga A 2009/2010"]
[Site "?"]
[Date "2009.11.08"]
[Round "4.6"]
[White "Syrovy, Ivan"]
[Black "Kolman, Richard"]
[Result "1/2-1/2"]
[WhiteElo "2088"]
[BlackElo "2105"]
[PlyCount "84"]
[EventDate "2009.??.??"]
[WhiteTeam "Slovakia"]
[BlackTeam "II"]
[WhiteTeamCountry "SVK"]
[BlackTeamCountry "SVK"]

1. e4 c5 2. Nf3 e6 3. d4 cxd4 4. Nxd4 Nf6 5. Bd3 Nc6 6. Nxc6 bxc6 7. O-O d5 8.
e5 Nd7 9. f4 Qb6+ 10. Kh1 g6 11. c3 a5 12. Rf3 Ba6 13. Bc2 Rb8 14. b3 Bc5 15.
a3 Qa7 16. b4 axb4 17. cxb4 Bd4 18. Nc3 O-O 19. Rb1 c5 20. Ne2 Bxe2 21. Qxe2
cxb4 22. axb4 Rfc8 23. h4 Qa2 24. Bd3 Qxb1 25. Bxb1 Rxc1+ 26. Rf1 Rxf1+ 27.
Qxf1 Rxb4 28. Kh2 Nxe5 29. fxe5 Bxe5+ 30. Kh3 h5 31. Qe2 Bc7 32. Bxg6 Rg4 33.
Bxh5 Rg3+ 34. Kh2 Re3+ 35. Kg1 Rxe2 36. Bxe2 Bg3 37. h5 e5 38. Bb5 Kg7 39. Bc6
d4 40. Kf1 d3 41. Be4 d2 42. Ke2 Kh6 1/2-1/2

[Event "SR 2. liga A 2009/2010"]
[Site "?"]
[Date "2009.11.08"]
[Round "4.7"]
[White "Grich, Juraj"]
[Black "Skocik, Jozef"]
[Result "0-1"]
[WhiteElo "1989"]
[BlackElo "1868"]
[PlyCount "92"]
[EventDate "2009.??.??"]
[WhiteTeam "Slovakia"]
[BlackTeam "II"]
[WhiteTeamCountry "SVK"]
[BlackTeamCountry "SVK"]

1. d4 e6 2. c4 f5 3. Nc3 Nf6 4. Bg5 Be7 5. Qc2 O-O 6. e3 b6 7. Bd3 Bb7 8. f3
Nc6 9. a3 Qe8 10. O-O-O Qg6 11. h4 h6 12. Bxf6 Bxf6 13. g4 Be7 14. Nge2 Qf7 15.
gxf5 exf5 16. Rdg1 Nd8 17. Rg3 Bd6 18. Rxg7+ Kxg7 19. d5 Ne6 20. dxe6 dxe6 21.
Nd4 Be5 22. Nce2 c5 23. Rg1+ Kh8 24. f4 cxd4 25. fxe5 dxe3 26. Nf4 Rg8 27. Rf1
Rg7 28. h5 Rg5 29. Qe2 Rg3 30. Ng6+ Kh7 31. Nf4 Rag8 32. Nxe6 Rg1 33. Nf4 Be4
34. Qxe3 Bxd3 35. Qxd3 R8g3 36. Qe2 Qe7 37. Rxg1 Rxg1+ 38. Kc2 Qb7 39. Kb3 Qe4
40. Qd2 Rg3+ 41. Kb4 Qxe5 42. Nd5 Qd6+ 43. Kb5 Qc5+ 44. Ka6 Qxc4+ 45. Kxa7 Qc6
46. Ka6 Rg8 0-1

[Event "SR 2. liga A 2009/2010"]
[Site "?"]
[Date "2009.11.08"]
[Round "4.7"]
[White "Jelenciak, Jozef"]
[Black "Cajka, Tibor"]
[Result "0-1"]
[WhiteElo "2013"]
[BlackElo "1932"]
[PlyCount "89"]
[EventDate "2009.??.??"]
[WhiteTeam "Slovakia"]
[BlackTeam "II"]
[WhiteTeamCountry "SVK"]
[BlackTeamCountry "SVK"]

1. e4 c5 2. Nc3 Nc6 3. Bc4 d6 4. f4 a6 5. a4 g6 6. d3 Bg7 7. Nf3 e6 8. O-O Nge7
9. Qe1 Nd4 10. Nxd4 cxd4 11. Ne2 d5 12. Bb3 dxe4 13. dxe4 d3 14. Nc3 Nc6 15. f5
Nd4 16. fxe6 Bxe6 17. Bxe6 Nxe6 18. cxd3 Qxd3 19. Rf3 Qc2 20. e5 Rd8 21. Rf2
Qb3 22. Qe4 Nc5 23. Qf3 O-O 24. Bg5 Rd3 25. Qe2 Re8 26. Bf6 Bh6 27. Ra3 Qc4 28.
Nd1 Qd5 29. Rxd3 Nxd3 30. Nc3 Qd4 31. Kf1 Qxf2+ 32. Qxf2 Nxf2 33. Kxf2 Bf4 34.
Nd5 Bxe5 35. b4 Kf8 36. Bg5 Kg7 37. h3 Bd4+ 38. Kf1 f6 39. Bf4 Re4 40. Bd2 Kf7
41. b5 Re5 42. Nc7 Rc5 43. Ba5 Rc1+ 44. Ke2 b6 45. Kd3 0-1

[Event "SR 2. liga A 2009/2010"]
[Site "?"]
[Date "2009.11.08"]
[Round "4.7"]
[White "Lesny, Stefan"]
[Black "Halas, Miroslav"]
[Result "1-0"]
[WhiteElo "2086"]
[BlackElo "1939"]
[PlyCount "105"]
[EventDate "2009.??.??"]
[WhiteTeam "Slovakia"]
[BlackTeam "II"]
[WhiteTeamCountry "SVK"]
[BlackTeamCountry "SVK"]

1. e4 d5 2. exd5 Qxd5 3. Nc3 Qa5 4. Bc4 Nf6 5. h3 Bf5 6. d3 c6 7. Nf3 Nbd7 8.
Bd2 Qc7 9. Qe2 e6 10. O-O-O b5 11. Bb3 a5 12. Nd4 a4 13. Nxf5 axb3 14. cxb3
O-O-O 15. Ng3 Kb7 16. Be3 Bd6 17. Nge4 Ra8 18. Kb1 Bb4 19. Rc1 Qa5 20. Nxf6
Nxf6 21. a3 Bxc3 22. Rxc3 b4 23. Rc5 Qa6 24. a4 Rhd8 25. Rhc1 Rac8 26. R5c4 Nd5
27. Bc5 Ka8 28. Qh5 Qb7 29. Qxh7 Rh8 30. Qe4 Rb8 31. h4 Qd7 32. g3 Rhe8 33. Be3
Rbc8 34. Rc5 Rc7 35. Qc4 Kb7 36. Bd2 Rb8 37. Bxb4 Kc8 38. Ba5 Ra7 39. Rxc6+ Kb7
40. Bd2 Ka8 41. a5 Qb7 42. Rc8 Rxc8 43. Qxc8+ Qxc8 44. Rxc8+ Kb7 45. Rc5 g6 46.
b4 Ra8 47. Kc2 Rd8 48. b5 Rb8 49. b6 Ka6 50. b4 Nf6 51. b5+ Kb7 52. Rc7+ Ka8
53. Ra7# 1-0

[Event "SR 2. liga A 2009/2010"]
[Site "?"]
[Date "2009.11.08"]
[Round "4.7"]
[White "Milanov, Jasen"]
[Black "Michal, Silvio"]
[Result "0-1"]
[WhiteElo "2022"]
[BlackElo "2105"]
[PlyCount "94"]
[EventDate "2009.??.??"]
[WhiteTeam "Slovakia"]
[BlackTeam "II"]
[WhiteTeamCountry "SVK"]
[BlackTeamCountry "SVK"]

1. e4 Nf6 2. d3 c5 3. c4 Nc6 4. Nc3 e6 5. f4 d5 6. cxd5 exd5 7. e5 Ng4 8. Nf3
Be7 9. g3 h5 10. h3 Nh6 11. Qb3 Nf5 12. Rg1 Nfd4 13. Nxd4 Nxd4 14. Qd1 b5 15.
Bg2 Bb7 16. Ne2 Nf5 17. Bd2 Qb6 18. a4 b4 19. a5 Qe6 20. a6 Bc6 21. Ra5 Rc8 22.
Bc1 f6 23. d4 c4 24. g4 hxg4 25. hxg4 fxe5 26. gxf5 Bh4+ 27. Kf1 Qxf5 28. dxe5
Qg4 29. Qd2 g5 30. Qe3 gxf4 31. Bh3 fxe3 32. Bxg4 Rf8+ 33. Kg2 d4+ 34. Kh3 Bf2
35. Bxc8 Rh8+ 36. Kg4 d3 37. Re1 Bxe1 38. Bxe3 dxe2 39. Bb7 Rg8+ 40. Kf5 Rf8+
41. Ke6 Bd7+ 42. Kd5 c3 43. Ra1 Bd2 44. e6 Bxe3 45. exd7+ Kxd7 46. Bc6+ Kc7 47.
bxc3 Rf1 0-1

[Event "SR 2. liga A 2009/2010"]
[Site "?"]
[Date "2009.11.08"]
[Round "4.7"]
[White "Szollos, Ondrej"]
[Black "Lukac, Tomas"]
[Result "1-0"]
[WhiteElo "2088"]
[BlackElo "1932"]
[PlyCount "65"]
[EventDate "2009.??.??"]
[WhiteTeam "Slovakia"]
[BlackTeam "II"]
[WhiteTeamCountry "SVK"]
[BlackTeamCountry "SVK"]

1. e4 c5 2. c3 d5 3. Qc2 dxe4 4. Qxe4 Qc7 5. Nf3 Nf6 6. Qe5 Qxe5+ 7. Nxe5 Nbd7
8. Nf3 e6 9. Be2 b6 10. Na3 a6 11. O-O Bb7 12. Nc4 Rc8 13. d3 b5 14. Na5 Bd5
15. c4 bxc4 16. dxc4 Ba8 17. Bf4 Nh5 18. Bd2 Bd6 19. g3 Nhf6 20. Rad1 Ne5 21.
Nxe5 Bxe5 22. Bc1 Ke7 23. Nb3 h5 24. Be3 Nd7 25. Rd2 h4 26. Rfd1 Rc7 27. g4 g6
28. h3 Rhc8 29. g5 Nb6 30. f4 Bd4 31. Nxd4 cxd4 32. Bxd4 Nxc4 33. Bf6+ 1-0

[Event "SR 2. liga A 2009/2010"]
[Site "?"]
[Date "2009.11.08"]
[Round "4.8"]
[White "Gajarsky, Julius"]
[Black "Sosovicka, Matej"]
[Result "1/2-1/2"]
[WhiteElo "1802"]
[BlackElo "1832"]
[PlyCount "80"]
[EventDate "2009.??.??"]
[WhiteTeam "Slovakia"]
[BlackTeam "II"]
[WhiteTeamCountry "SVK"]
[BlackTeamCountry "SVK"]

1. d4 d5 2. c4 c6 3. Nc3 Nf6 4. e3 e6 5. Nf3 Nbd7 6. Bd3 dxc4 7. Bxc4 b5 8. Bd3
a6 9. a3 c5 10. b3 Bb7 11. O-O Rc8 12. Bb2 Qb6 13. dxc5 Nxc5 14. b4 Nxd3 15.
Qxd3 Be7 16. Qd4 Qxd4 17. Nxd4 O-O 18. Rfd1 Rfd8 19. Nb3 Nd7 20. Rac1 Nb6 21.
Rxd8+ Rxd8 22. Nb1 Nc4 23. Bd4 e5 24. Bc3 f6 25. Be1 Rd7 26. h3 Kf7 27. N3d2
Nb6 28. f3 Ke6 29. Kf2 Na4 30. Ke2 Nb2 31. Rc3 Bd5 32. g4 Bc4+ 33. Nxc4 Nxc4
34. e4 Bd8 35. Nd2 Nxd2 36. Bxd2 Rc7 37. Rxc7 Bxc7 38. Be3 Bd6 39. Kd3 Kd7 40.
h4 Be7 1/2-1/2

[Event "SR 2. liga A 2009/2010"]
[Site "?"]
[Date "2009.11.08"]
[Round "4.8"]
[White "Pericka, Tomas"]
[Black "Farkas, Vladimir"]
[Result "0-1"]
[WhiteElo "1910"]
[BlackElo "1959"]
[PlyCount "72"]
[EventDate "2009.??.??"]
[WhiteTeam "Slovakia"]
[BlackTeam "II"]
[WhiteTeamCountry "SVK"]
[BlackTeamCountry "SVK"]

1. e4 d6 2. d4 Nf6 3. Nc3 g6 4. f3 Bg7 5. Be3 O-O 6. Qd2 c6 7. Nge2 b5 8. g4 b4
9. Nd1 a5 10. Ng3 Ba6 11. Bxa6 Nxa6 12. h4 c5 13. d5 e6 14. h5 Ne8 15. Bg5 Bf6
16. Bh6 Bh4 17. Qh2 Bxg3+ 18. Qxg3 Ng7 19. hxg6 fxg6 20. Bxg7 Kxg7 21. Qh3 Rh8
22. dxe6 Qf6 23. Ne3 Qxb2 24. Qh6+ Kg8 25. Nf5 Qxa1+ 26. Ke2 Qf6 27. Rd1 Nc7
28. Rxd6 Ne8 29. Rd7 gxf5 30. Qh5 Qxe6 31. Qg5+ Kf8 32. Rb7 fxg4 33. Qf4+ Qf6
34. Qxg4 Rg8 35. Qd7 Rg2+ 36. Ke1 Qc3+ 0-1

[Event "SR 2. liga A 2009/2010"]
[Site "?"]
[Date "2009.11.08"]
[Round "4.8"]
[White "Svoboda, Adam"]
[Black "Merva, Frantisek"]
[Result "0-1"]
[WhiteElo "1821"]
[BlackElo "2053"]
[PlyCount "108"]
[EventDate "2009.??.??"]
[WhiteTeam "Slovakia"]
[BlackTeam "II"]
[WhiteTeamCountry "SVK"]
[BlackTeamCountry "SVK"]

1. e4 c5 2. Nf3 d6 3. d4 cxd4 4. Nxd4 Nf6 5. Nc3 a6 6. Be2 e6 7. Be3 Qc7 8. O-O
Nbd7 9. f4 b6 10. Bf3 Bb7 11. f5 e5 12. Nb3 Rc8 13. Re1 Be7 14. Bf2 b5 15. a3
Nb6 16. Nc1 Nc4 17. N1e2 Nxb2 18. Qc1 Nc4 19. a4 Nd2 20. Qb2 Ndxe4 21. Bxe4
Nxe4 22. Nxe4 Bxe4 23. axb5 axb5 24. Qxb5+ Qc6 25. Qa5 O-O 26. Ng3 Bxg2 27. Qa6
Ra8 28. Qxc6 Bxc6 29. Rad1 Ra2 30. c4 f6 31. Ne4 Bxe4 32. Rxe4 Rc8 33. Be1 g6
34. fxg6 hxg6 35. Bb4 Ra6 36. Rg4 Kf7 37. Rc1 f5 38. Rg2 Rb6 39. Ba5 Rb3 40.
Rgc2 f4 41. Rc3 Rxc3 42. Rxc3 Kf6 43. Bb4 Kf5 44. Rd3 Rxc4 45. Bxd6 Bxd6 46.
Rxd6 Rc2 47. h3 f3 48. Rd8 Kf4 49. Rg8 g5 50. Rg7 e4 51. h4 gxh4 52. Rh7 e3 53.
Rf7+ Kg3 54. Rg7+ Kh3 0-1

[Event "SR 2. liga A 2009/2010"]
[Site "?"]
[Date "2009.11.08"]
[Round "4.8"]
[White "Zacik, Anton"]
[Black "Klimes, Milan"]
[Result "1-0"]
[WhiteElo "2018"]
[BlackElo "1933"]
[PlyCount "94"]
[EventDate "2009.??.??"]
[WhiteTeam "Slovakia"]
[BlackTeam "II"]
[WhiteTeamCountry "SVK"]
[BlackTeamCountry "SVK"]

1. e4 c5 2. Nf3 d6 3. d4 cxd4 4. Nxd4 Nf6 5. Nc3 a6 6. Be3 Ng4 7. Bg5 h6 8. Bh4
g5 9. Bg3 Bg7 10. h3 Nf6 11. Be2 Nc6 12. Nb3 Be6 13. O-O Rc8 14. f4 Na5 15. e5
Nxb3 16. exf6 Nxa1 17. fxg7 Rg8 18. Qxa1 Rxg7 19. f5 Bc4 20. Bxc4 Rxc4 21. Qe1
f6 22. Nd5 Kf8 23. c3 Rc6 24. Qe6 Qc8 25. Qxc8+ Rxc8 26. Bf2 Rc4 27. Bd4 g4 28.
h4 g3 29. Rf3 Ra4 30. a3 Rg4 31. Re3 Rgxd4 32. cxd4 Rxd4 33. Nc3 Rxh4 34. Rxg3
Rf4 35. Rf3 Rd4 36. Kf1 Kf7 37. Ke2 Rg4 38. g3 h5 39. Ke3 h4 40. gxh4 Rxh4 41.
Rf2 Rh1 42. Nd5 Rd1 43. Nf4 Re1+ 44. Kd4 Rd1+ 45. Kc4 Rc1+ 46. Kb4 Rc5 47. Ne6
b6 1-0

[Event "SR 2. liga A 2009/2010"]
[Site "?"]
[Date "2009.12.12"]
[Round "5.1"]
[White "Duben, Igor"]
[Black "Polacik, Igor"]
[Result "1/2-1/2"]
[WhiteElo "2222"]
[BlackElo "2186"]
[PlyCount "61"]
[EventDate "2009.??.??"]
[WhiteTeam "Slovakia"]
[BlackTeam "II"]
[WhiteTeamCountry "SVK"]
[BlackTeamCountry "SVK"]

1. Nf3 Nf6 2. c4 c5 3. g3 Nc6 4. Bg2 d5 5. cxd5 Nxd5 6. d4 cxd4 7. Nxd4 Nxd4 8.
Qxd4 e6 9. O-O Qb6 10. Qxb6 Nxb6 11. Be3 Be7 12. Nd2 O-O 13. Rac1 Bf6 14. b3
Nd5 15. Bc5 Nc3 16. Rfe1 Rd8 17. Rc2 g6 18. Ne4 Nxe4 19. Bxe4 e5 20. Rec1 Bg5
21. e3 f5 22. Bg2 e4 23. Bxa7 Rxa7 24. Rxc8 Rxa2 25. R1c7 b6 26. h4 Be7 27. Bf1
Rxc8 28. Rxc8+ Kg7 29. Rc7 Kf8 30. Rc8+ Kg7 31. Rc7 1/2-1/2

[Event "SR 2. liga A 2009/2010"]
[Site "?"]
[Date "2009.12.12"]
[Round "5.1"]
[White "Kozinka, Roman"]
[Black "Plachetka, Jan"]
[Result "1/2-1/2"]
[WhiteElo "2044"]
[BlackElo "2379"]
[PlyCount "33"]
[EventDate "2009.??.??"]
[WhiteTeam "Slovakia"]
[BlackTeam "II"]
[WhiteTeamCountry "SVK"]
[BlackTeamCountry "SVK"]

1. e4 c5 2. Nf3 Nc6 3. d4 cxd4 4. Nxd4 g6 5. Nc3 Bg7 6. Be3 Nf6 7. Qd2 Ng4 8.
Nxc6 dxc6 9. Qxd8+ Kxd8 10. Rd1+ Kc7 11. Bg5 f6 12. Bh4 h5 13. Bc4 e5 14. h3 g5
15. Bg3 Nh6 16. f3 b5 17. Bb3 1/2-1/2

[Event "SR 2. liga A 2009/2010"]
[Site "?"]
[Date "2009.12.12"]
[Round "5.1"]
[White "Kundrik, Peter"]
[Black "Arendas, Marek"]
[Result "1/2-1/2"]
[WhiteElo "2229"]
[BlackElo "2077"]
[PlyCount "61"]
[EventDate "2009.??.??"]
[WhiteTeam "Slovakia"]
[BlackTeam "II"]
[WhiteTeamCountry "SVK"]
[BlackTeamCountry "SVK"]

1. e4 c6 2. d4 d5 3. Nc3 dxe4 4. Nxe4 Bf5 5. Ng3 Bg6 6. h4 h6 7. Nf3 Nd7 8. h5
Bh7 9. Bd3 Bxd3 10. Qxd3 Ngf6 11. Bd2 e6 12. O-O-O Qc7 13. Kb1 Bd6 14. Ne4 Nxe4
15. Qxe4 Nf6 16. Qe2 Bf4 17. Be1 O-O-O 18. c4 c5 19. Bc3 Rhe8 20. dxc5 Qxc5 21.
Nd4 a6 22. Ka1 Bc7 23. g3 Qe5 24. Qc2 Bb6 25. Rhe1 Qxh5 26. b4 Bxd4 27. Bxd4 e5
28. Bb6 Rxd1+ 29. Rxd1 Nd7 30. c5 Qf3 31. Rd6 1/2-1/2

[Event "SR 2. liga A 2009/2010"]
[Site "?"]
[Date "2009.12.12"]
[Round "5.1"]
[White "Pacher, Milan"]
[Black "Hrivnak, Martin"]
[Result "1-0"]
[WhiteElo "2366"]
[BlackElo "2208"]
[PlyCount "74"]
[EventDate "2009.??.??"]
[WhiteTeam "Slovakia"]
[BlackTeam "II"]
[WhiteTeamCountry "SVK"]
[BlackTeamCountry "SVK"]

1. d4 Nf6 2. c4 d6 3. Nc3 g6 4. e4 Bg7 5. Nf3 O-O 6. Be2 e5 7. O-O Nc6 8. d5
Ne7 9. b4 Ne8 10. c5 h6 11. Nd2 f5 12. f3 f4 13. a4 g5 14. Ba3 h5 15. Nc4 Ng6
16. a5 Rf7 17. b5 b6 18. cxb6 cxb6 19. Bb4 Rb8 20. axb6 axb6 21. Na4 Bf8 22.
Ncxb6 Rg7 23. Rc1 Bb7 24. Nc4 g4 25. fxg4 Qg5 26. Rc2 Nh4 27. Be1 hxg4 28. g3
Nf3+ 29. Bxf3 gxf3 30. Qxf3 Bc8 31. Ne3 Bh3 32. Ng2 Bg4 33. Qd3 Nf6 34. Nc3 Nh5
35. Rb2 Be7 36. Bf2 f3 37. Nh4 Nf4 {time} 1-0